Desarrollo de un control secuencial para el procesamiento de acabado de piezas plásticas mediante el uso de un controlador lógico programable de la marca Siemens (PLC S7-200)
Сохранить в:
| Главный автор: | |
|---|---|
| Формат: | |
| Опубликовано: |
[San José, Costa Rica]
2010
|
| Предметы: | |
| Метки: |
Добавить метку
Нет меток, Требуется 1-ая метка записи!
|
MARC
| LEADER | 00000nam a2200000Ia 4500 | ||
|---|---|---|---|
| 003 | 010443 | ||
| 005 | 20221231144030.0 | ||
| 008 | 140114s2010 cr a 000 ||s d | ||
| 040 | |c cru CEDI | ||
| 090 | |a TFG 6326 | ||
| 100 | |a Escobar Valerio, Michael Jose |9 2661 | ||
| 245 | |a Desarrollo de un control secuencial para el procesamiento de acabado de piezas plásticas mediante el uso de un controlador lógico programable de la marca Siemens (PLC S7-200) | ||
| 260 | |c 2010 |b [San José, Costa Rica] | ||
| 500 | |a "IE - 0502 Proyecto Eléctrico" Proyecto de graduación (bachillerato en ingeniería eléctrica)--Universidad de Costa Rica. Facultad de Ingeniería. Escuela de Ingeniería Eléctrica | ||
| 650 | |x CONTROLADORES LOGICOS PROGRAMABLES |x CONTROL AUTOMATICO |9 2662 | ||
| 942 | |c TFG | ||
| 999 | |c 15879 |d 15879 | ||
